000
00314nam a22001217a 4500
008
230620b xxu||||| |||| 00| 0 eng d
082
_a
320.03
_b
CRAN 1966
100
_c
Maurice Cranston
245
_a
A Glossary of Political Terms
260
_a
London
_b
The Bodley Head Ltd
_c
1966
300
_a
110p
942
_2
ddc
_c
BK
999
_c
1644
_d
1644